Statistiche per Isole che rivelano le isole

Clicka qui per fare il quiz!

Statistiche generali

  • Questo quiz è stato fatto 15 volte
  • Il punteggio medio è 16 su 34

Risposte nella Mappa

Le risposte nella mappa del quiz sottostante sono codificate secondo una scala di colori dal rosso al verde in base alla % di persone che hanno risposto correttamente.
 

Statistiche sulle risposte

risposta% Corretto
Cipro
100%
Islanda
100%
Madagascar
100%
Sicilia
100%
Sri Lanka
100%
Corsica
91%
Gran Bretagna
91%
Irlanda
91%
Sardegna
91%
Creta
82%
Cuba
82%
Groenlandia
82%
Malta
73%
Giamaica
45%
Nuova Guinea
45%
Taiwan
45%
Borneo
36%
Hispaniola
36%
Honshu
36%
Baffin
27%
Giava
27%
Maiorca
27%
Hokkaido
18%
Luzon
18%
Sulawesi
18%
Sumatra
18%
Trinidad
18%
Aruba
9%
Kyushu
9%
Rodi
9%
Sachalin
9%
Anglesey
0%
Martinica
0%
Mayotte
0%

Distribuzione punteggi

Percentile per numero di risposta

Percentuale di utenti per punteggio

I tuoi punteggi nel tempo

Non hai fatto questo quiz